Nové technológie a možnosti ich využitia vo vzdelávaní zborník vedeckých statí

Na minha lista:
Detalhes bibliográficos
Autor Corporativo: Ekonomická univerzita v Bratislave. Obchodná fakulta
Outros Autores: Červenka, Peter, 1976-, Hlavatý, Ivan, 1978-, Pólya, Attila
Formato: Livro
Idioma:eslovaco
inglês
Publicado em: Bratislava Vydavateľstvo EKONÓM 2012
Assuntos:
Tags: Adicionar Tag
Sem tags, seja o primeiro a adicionar uma tag!

MARC

LEADER 00000nlm a2200000 4500
001 0156607
005 20250814091356.2
020 |a 978-80-225-3449-9 
041 0 |a slo 
041 0 |a eng 
044 |a SK 
245 1 0 |a Nové technológie a možnosti ich využitia vo vzdelávaní  |b zborník vedeckých statí  |c zborník zostavili: Peter Červenka, Ivan Hlavatý ; recenzenti: Attila Pólya, Ivan Hlavatý 
264 1 |a Bratislava  |b Vydavateľstvo EKONÓM  |c 2012 
300 |a CD-ROM [81 s.] 
610 2 0 |a technológie nové 
610 2 0 |a vzdelávanie 
610 2 0 |a univerzity 
610 2 0 |a vzdelávanie dištančné 
610 2 0 |a didaktika 
700 1 |a Červenka, Peter, 1976- 
700 1 |a Hlavatý, Ivan, 1978- 
700 1 |a Pólya, Attila 
700 1 |a Hlavatý, Ivan, 1978- 
710 2 |a Ekonomická univerzita v Bratislave. Obchodná fakulta